| 000 | 01092nac a22002531u 4500 | ||
|---|---|---|---|
| 010 | _a 2002014453 | ||
| 020 | _a0471216429 (CLOTH/CD-ROM : alk. paper) | ||
| 082 | 0 | 0 |
_a332.6 _bREI |
| 090 |
_c6811 _d6811 |
||
| 100 | _aReichenstein, William | ||
| 245 | 1 | 0 |
_aIntegrating investments and the tax code : _busing the tax code to enhance returns and add value / _cWilliam Reichenstein, William Jennings. |
| 260 |
_aHoboken, N.J. : _bJ. Wiley & Sons,c2003. _cc2003. |
||
| 300 |
_axiii, 318 p. ; _c24 cm. |
||
| 500 | _aDistributer: Al-Ahram. | ||
| 504 | _aIncludes bibliographical references and index. | ||
| 511 | _aCatalogued By: mahitab. | ||
| 650 | 0 | _aInvestment analysis. | |
| 650 | 0 | _aInvestments. | |
| 650 | 0 | _aTaxation. | |
| 856 | 4 | 2 |
_3Contributor biographical information _uhttp://www.loc.gov/catdir/bios/wiley044/2002014453.html |
| 856 | 4 | 2 |
_3Publisher description _uhttp://www.loc.gov/catdir/description/wiley036/2002014453.html |
| 856 | 4 | 2 |
_3Table of contents _uhttp://www.loc.gov/catdir/toc/wiley031/2002014453.html |
| 942 |
_cBB _k332.6REI |
||
| 999 |
_c6811 _d6811 |
||